000 00541nam a2200217Ia 4500
003 0100
008 130307s9999 xx 000 0 und d
020 _a0415927668
040 _cARRUPELIB
050 _aJA84.A33E96 2000
245 _aExplorations in African political thought
245 _bidentity, community, ethics
260 _aNew York :
260 _bRoutledge
260 _c2001.
300 _a214 p.
300 _b24 cm.
440 _aNew political science reader series
700 _aKiros, Teodros (ed.)
942 0 0 _06
999 _c99804
_d99804